| 000 | 00861nas a2200265 4500 | ||
|---|---|---|---|
| 001 | BR0400661 | ||
| 003 | BR-BrBNA | ||
| 005 | 20231205104326.0 | ||
| 007 | ta | ||
| 008 | 230509b bl.|||p| |||| 00| 00por d | ||
| 040 |
_aBR-BrBNA _bpor _cBiblioteca Nacional de Agricultura |
||
| 041 | _a(Pt) | ||
| 072 | _aQ54 | ||
| 100 | 1 | _aAlvim, M.J. | |
| 100 | 1 | _aBotrel, M. de A. | |
| 100 | 1 | _aRezende, H. | |
| 100 | 1 | _aXavier, D.F. | |
| 245 | 1 | _aAvaliação sob pastejo do potencial forrageiro de gramíneas do gênero Cynodon, sob dois níveis de nitrogênio e potássio | |
| 650 | _aCAPIM ESTRELA DA ÁFRICA | ||
| 650 | _aDIGESTIBILIDADE | ||
| 650 | _aPROTEÍNA BRUTA | ||
| 773 | 0 |
_tRevista Brasileira de Zootecnia (Brazil) _xISSN 1516-3598 _g(Jan-Feb 2003), v. 32(1) p. 47-54 _wBR0400661 |
|
| 909 |
_a202311 _bLúcia _c55 _dLúcia Elande |
||
| 942 |
_2AGRIS _n0 _cANA |
||
| 999 |
_c177571 _d177571 |
||